000 00663nam a2200229 i 4500
001 15292
003 ES-MaACL
005 20230906151033.0
007 t|
008 000214s1999 sp ||||0| spa j
020 _a84-254-2096-2
040 _aM-BN
_bspa
_cM-BN
080 _a299.1
100 1 _aDumézil, Georges.
_946001
245 1 4 _aLos dioses soberanos de los indoeuropeos /
_cGeorges Dumézil ; traducción, David Chiner.
260 _aBarcelona :
_bHerder,
_c[1999]
300 _a305 p. ;
_c22 cm.
650 1 4 _aMitología indoeuropea.
_915108
700 1 _aChiner, David.
_938530
852 _aES-MaACL
_jL-22642
_bR.127910
999 _c15292
_d15292